Les 20 stations du métro parisien les plus fréquentées - Statistiques

Statistiques générales
  • Ce quiz a été pris 3 356 fois
  • Le résultat moyen est 9 sur 20
Statistiques - réponses
Trafic annuel Station % Correct
6 030 558 Châtelet
95%
25 381 876 Gare du Nord
91%
22 232 810 Gare de Lyon
86%
11 715 190 Gare de l'est
85%
13 783 944 Montparnasse - Bienvenüe
84%
26 904 975 Saint-Lazare
79%
4 860 619 Nation
73%
6 988 692 République
71%
8 019 633 Les Halles
59%
6 084 635 Bastille
55%
8 616 589 La Défense
55%
5 031 748 Place d'Italie
35%
5 673 100 Hôtel de Ville
27%
10 002 396 Bibliothèque François Mitterrand
13%
5 680 933 Belleville
12%
4 902 116 Porte de Clignancourt
9%
4 761 367 Château Rouge
5%
4 840 436 Porte de Vincennes
5%
4 764 601 Mairie de Montreuil
4%
4 752 569 Bobigny - Pablo Picasso
3%
Aucun quiz correspondant
Distribution des résultats
% des personnes avec chaque résultat
Percentile par nombre de réponses
Votre historique - résultats
Vous n’avez pas pris ce quiz